Anglicko-slovenský technický slovník

Bibliographic Details
Main Author: Beňačka, Štefan, 1933-2021 (Author)
Format: Book
Language:Slovak
English
PhysicalDescription:1357, [2] s. 8°
Published: Bratislava Alfa 1975
Edition:1. vyd.
Series:Edícia prekladových slovníkov
Subjects:

MARC

LEADER 00000cam a2200000 a 4500
001 vtls008355516
003 SK-MaSNL
005 20260426015653.0
008 230501s1975 xo f d 000 0 slo
015 |a SNBA1975/11-02713 
020 |q (viaz.) 
035 |a SK01SNK19750047733 
035 |a 09112864-EFAD-431C-9186-6C1989426763 
035 |a urn:nbn:sk:snk-am00ikh6 
035 |a SKM000050196 
040 |a SNK  |b slo  |c SNK  |e AACR2 
041 0 |a slo  |a eng 
044 |a xo  |c SK 
080 |a 801.316.4:62=20=854  |2 1981 
080 |a 62(038)=20=854  |2 1981 
245 0 0 |a Anglicko-slovenský technický slovník  |c Štefan Beňačka ... [et al.] 
246 3 1 |a English-Slovak Technical Dictionary 
246 3 8 |a Technický prekladový slovník 
250 |a 1. vyd. 
260 |a Bratislava  |b Alfa  |c 1975  |e Martin  |f Tlačiarne SNP 
300 |a 1357, [2] s.  |c 8° 
366 |e 5000 výtl. 
490 1 |a Edícia prekladových slovníkov 
546 |a Súbežný názov anglicky 
650 0 7 |a technika  |2 SNKPH  |9 671 
650 0 7 |a angličtina  |2 SNKPH  |9 1260 
650 0 7 |a slovenčina  |2 SNKPH  |9 1350 
650 0 7 |a odborná terminológia  |2 SNKPH  |9 3616 
655 7 |a prekladové slovníky  |2 SNKPH  |9 78678 
700 1 |a Beňačka, Štefan,  |d 1933-2021  |4 aut  |9 232163 
830 0 |a Edícia prekladových slovníkov  |9 342883 
852 |a Slovenská národná knižnica 
954 |a odborná, vedecká literatúra pôvodná (slovenská)  |2 lita 
958 |a OND 
958 |a RK 
958 |a EUIPO 
999 |c 1190809  |d 1192739 
952 |a SNK  |b SNK  |y VYP  |7 0  |p 17A0035231  |o snkSC 37743 D2  |0 0  |1 0  |4 0  |d 1997-02-04  |l 0  |r 2005-01-01 00:00:00  |w 2026-02-24 
952 |a SNK  |b SNK  |y VYP  |7 0  |p 17A0358702  |o snkSC 37743 D1  |i snkKSP 7872/75  |0 0  |1 0  |4 0  |d 2003-07-18  |l 0  |r 2005-01-01 00:00:00  |w 2026-02-24 
952 |a SNK  |b SNK  |y PREZ  |7 0  |p 17A0958791  |o snkSC 37743  |i snkKSP 7871/75  |0 0  |1 0  |4 0  |d 2012-11-20  |f 1  |l 0  |r 2025-10-10 00:00:00  |w 2026-02-24 
952 |t snkANG 62(038)  |a SNKUST  |b SNKUST  |y PREZ  |7 0  |p 17A0081381  |o snkSC 37743 D3  |i snkK 466/78  |8 3  |0 0  |1 0  |4 0  |d 1997-10-08  |l 0  |r 2025-03-19 00:00:00  |w 2026-02-24